000 00299nam a22001337a 4500
008 181022b xxu||||| |||| 00| 0 eng d
020 _a9780071777490
041 _aeng
080 _a573
100 _a11
101 _aBIO
245 _aMolecular and Cell Biology
_cStansfield,W
942 _2udc
_cBK
999 _c50482
_d50482